00788nam a2200205Ia 4500001000600000003000500006008004100011010001100052040000900063100003500072245014800107260004100255300001100296440000500307502008100312503000500393650004000398650003600438650010800474Z_541CHAP220113s1988 xx 000 0 und d a163651 cCHAP aMolina Díaz, Ultiminio Jacob aModelos de programación lineal para la formulación de raciones en el ganado bovino productor de leche /cpor Ultiminio Jacob Molina Díaz aChapingo, Méx. :bEl autor,c1988 a123 h. a aTesis (Ing. Agrónomo Esp. en Zootecnia) -- UACH. Departamento de Zootecnia a aGanaderíaxModelos matemáticos  aGanado lecheroxAlimentación  aProgramación lineal I. UACH. Departamento de Zootecnia II. t.: Raciones en el ganado bovino...III. t.